00644nam a2200193Ia 450000500170000000800410001702000180005804000180007604100080009408200230010210000200012524501160014525000120026126000700027330000290034365000260037265000340039865000180043220220915102751.0210716s2010 xx 000 0 und d a9789350231470 cAIMIT LIBRARY aeng a005.3622 21bBONB aBondari, Brian. aWord press 2.9 e commerce :bbuild a proficient online store to sell products and services /cBy Brian Bondari. a1st ed. aNew Delhi :bShroff Publishers and Distributors Pvt Ltd ,c2010. avii,266,7 p. ;c23.7 cm. aGetting ready to sell aManaging your product catalog aUser accounts